| 000 | 01160nam a2200313 a 4500 | ||
|---|---|---|---|
| 001 | ebr10728823 | ||
| 003 | CaPaEBR | ||
| 006 | m o u | ||
| 007 | cr cn||||||||| | ||
| 008 | 130716s2004 gw sb 001 0 eng d | ||
| 020 | _z3937202412 | ||
| 020 | _z9783110327366 | ||
| 020 | _z9783110327694 (e-book) | ||
| 040 |
_aCaPaEBR _cCaPaEBR |
||
| 035 | _a(OCoLC)854569258 | ||
| 050 | 1 | 4 |
_aBJ1458.3 _b.N67 2004eb |
| 245 | 0 | 0 |
_aNormativity and naturalism _h[electronic resource] / _cPeter Schaber (ed.). |
| 260 |
_aHeusenstamm [Germany] : _bontos, _c2004. |
||
| 300 | _a179 p. | ||
| 440 | 0 |
_aPractical philosophy ; _vBd. 5 |
|
| 504 | _aIncludes bibliographical references and indexes. | ||
| 533 |
_aElectronic reproduction. _bPalo Alto, Calif. : _cebrary, _d2013. _nAvailable via World Wide Web. _nAccess may be limited to ebrary affiliated libraries. |
||
| 650 | 0 | _aNormativity (Ethics) | |
| 650 | 0 | _aNaturalism. | |
| 655 | 7 |
_aElectronic books. _2local |
|
| 700 | 1 | _aSchaber, Peter. | |
| 710 | 2 | _aebrary, Inc. | |
| 856 | 4 | 0 |
_uhttp://site.ebrary.com/lib/rucke/Doc?id=10728823 _zAn electronic book accessible through the World Wide Web; click to view |
| 999 |
_c151586 _d151586 |
||